[Event "Brno Duras op"]
[Site "Brno"]
[Date "2015.06.27"]
[Round "1"]
[White "Glozar, Petr"]
[Black "Madynski, Pawel"]
[Result "0-1"]
[WhiteElo "1620"]
[BlackElo "2017"]
[PlyCount "102"]
[EventDate "2015.06.27"]
[EventType "swiss"]
[EventRounds "9"]
[EventCountry "CZE"]
[SourceTitle "CBM 167 Extra"]
[Source "ChessBase"]
[SourceDate "2015.09.14"]
[SourceVersion "1"]
[SourceVersionDate "2015.09.14"]
[SourceQuality "1"]

1. e4 d5 2. exd5 Qxd5 3. Nc3 Qd6 4. d4 Nf6 5. Nf3 a6 6. Bc4 b5 7. Bb3 Bb7 8. 0-0 e6 9. Re1 Be7 10. Bg5 0-0 11. d5 Nxd5 12. Bxd5 c6 13. Bb3 Qc7 14. Bxe7 Qxe7 15. Ne5 c5 16. a4 Rd8 17. Qh5 c4 18. Ba2 Nc6 19. Nxc6 Bxc6 20. Re3 b4 21. Ne4 Rd4 22. Ng5 h6 23. Nf3 Rf4 24. Ne5 Qc5 25. Qe2 Bd5 26. Rd1 Rc8 27. c3 bxc3 28. bxc3 Qa3 29. Bb1 Rb8 30. Qa2 Qxa2 31. Bxa2 Rb2 32. Bb1 Rfxf2 33. Be4 Bxe4 34. Rxe4 Rxg2+ 35. Kf1 Rxh2 36. Rg4 f5 37. Rg3 g5 38. Kg1 Rhe2 39. Nf3 Re3 40. Rg2 Rxg2+ 41. Kxg2 Kf7 42. Rh1 Kg6 43. Nd4 h5 44. Kf2 f4 45. Nc6 g4 46. Ne7+ Kg5 47. Nc6 Rxc3 48. Re1 g3+ 49. Kg2 Rc2+ 50. Kg1 f3 51. Nd4 f2+ 0-1

[Event "Lazy Baltic Pearl op 10th"]
[Site "Lazy"]
[Date "2014.07.03"]
[Round "5"]
[White "Walter, Szymon"]
[Black "Madynski, Pawel"]
[Result "1/2-1/2"]
[WhiteElo "1977"]
[BlackElo "2086"]
[PlyCount "69"]
[EventDate "2014.06.29"]
[EventType "swiss"]
[EventRounds "9"]
[EventCountry "POL"]
[SourceTitle "CBM 161 Extra"]
[Source "ChessBase"]
[SourceDate "2014.08.29"]
[SourceVersion "1"]
[SourceVersionDate "2014.08.29"]
[SourceQuality "1"]

1. e4 d5 2. Nc3 dxe4 3. Nxe4 c6 4. d4 Bf5 5. Ng3 Bg6 6. Nf3 e6 7. h4 h6 8. Ne5 Bh7 9. c3 Nf6 10. Bd3 Bxd3 11. Qxd3 Be7 12. Ne4 Nbd7 13. Nxf6+ Bxf6 14. Qg3 Qc7 15. Bf4 Bxe5 16. dxe5 Rg8 17. 0-0-0 0-0-0 18. h5 Qa5 19. Kb1 Qb5 20. Rd4 Nc5 21. c4 Qa5 22. Bd2 Qa6 23. Rhh4 Qb6 24. Qe3 Rxd4 25. Rxd4 Rd8 26. Rxd8+ Qxd8 27. Kc2 b6 28. b4 Nd7 29. Bc3 Qh4 30. Qe2 Kc7 31. g3 Qg5 32. Kb2 Qf5 33. f4 f6 34. exf6 gxf6 35. Bd2 1/2-1/2

[Event "Lazy Baltic Pearl op 10th"]
[Site "Lazy"]
[Date "2014.07.02"]
[Round "4"]
[White "Madynski, Pawel"]
[Black "Wacior, Maciej"]
[Result "0-1"]
[WhiteElo "2086"]
[BlackElo "1863"]
[PlyCount "76"]
[EventDate "2014.06.29"]
[EventType "swiss"]
[EventRounds "9"]
[EventCountry "POL"]
[SourceTitle "CBM 161 Extra"]
[Source "ChessBase"]
[SourceDate "2014.08.29"]
[SourceVersion "1"]
[SourceVersionDate "2014.08.29"]
[SourceQuality "1"]

1. e4 c6 2. d4 d5 3. e5 Bf5 4. Nd2 e6 5. Nb3 Qc7 6. Nf3 Nd7 7. Be3 a6 8. c4 dxc4 9. Bxc4 Nb6 10. Bd3 Ne7 11. 0-0 Bxd3 12. Qxd3 Ng6 13. Rac1 Rd8 14. Qe4 Rd5 15. Ng5 Be7 16. f4 Bxg5 17. fxg5 0-0 18. Rf3 Rb5 19. Qg4 Nd5 20. Bd2 Qb6 21. Re1 Rd8 22. h4 Nde7 23. Nc5 Rxc5 24. dxc5 Qxc5+ 25. Be3 Qa5 26. b4 Qxa2 27. Bc5 Nf5 28. h5 Nxe5 29. Rxe5 Qa1+ 30. Rf1 Qxe5 31. g6 fxg6 32. hxg6 h6 33. Qf3 Qf6 34. g4 Qxg6 35. Kh1 Nd4 36. Qf4 Qd3 37. g5 Qh3+ 38. Kg1 Ne2+ 0-1

[Event "Lazy Baltic Pearl op 10th"]
[Site "Lazy"]
[Date "2014.07.01"]
[Round "3"]
[White "Sharapov, Evgeny"]
[Black "Madynski, Pawel"]
[Result "1-0"]
[WhiteElo "2377"]
[BlackElo "2086"]
[PlyCount "41"]
[EventDate "2014.06.29"]
[EventType "swiss"]
[EventRounds "9"]
[EventCountry "POL"]
[SourceTitle "CBM 161 Extra"]
[Source "ChessBase"]
[SourceDate "2014.08.29"]
[SourceVersion "1"]
[SourceVersionDate "2014.08.29"]
[SourceQuality "1"]

1. e4 c6 2. d4 d5 3. Nc3 dxe4 4. Nxe4 Bf5 5. Ng3 Bg6 6. h4 h6 7. Nf3 Nd7 8. h5 Bh7 9. Bd3 Bxd3 10. Qxd3 e6 11. Bd2 Ngf6 12. 0-0-0 Qb6 13. Ne5 Rd8 14. Ng6 Rg8 15. Nxf8 Nxf8 16. Qa3 Rd7 17. Rhe1 a6 18. Ba5 Qb5 19. Re5 Rd5 20. Nf5 c5 21. Rxd5 1-0

[Event "Karvina op"]
[Site "Karvina"]
[Date "2013.07.03"]
[Round "5"]
[White "Madynski, Pawel"]
[Black "Weissmann, Lukas"]
[Result "1/2-1/2"]
[WhiteElo "2092"]
[BlackElo "2136"]
[PlyCount "28"]
[EventDate "2013.06.29"]
[EventType "swiss"]
[EventRounds "9"]
[EventCountry "CZE"]
[SourceTitle "CBM 155 Extra"]
[Source "ChessBase"]
[SourceDate "2013.08.26"]
[SourceVersion "1"]
[SourceVersionDate "2013.08.26"]
[SourceQuality "1"]

1. Nc3 c5 2. d4 cxd4 3. Qxd4 Nc6 4. Qh4 d5 5. e4 dxe4 6. Bd2 Nf6 7. Nxe4 Bf5 8. Nxf6+ exf6 9. 0-0-0 Be7 10. Qg3 Qd5 11. Qb3 Qxb3 12. axb3 0-0 13. Ne2 Rac8 14. Ng3 Be6 1/2-1/2

[Event "Dublin Easter e2e4 op"]
[Site "Dublin"]
[Date "2013.04.01"]
[Round "8"]
[White "Madynski, Pawel"]
[Black "O'Donnell, Conor"]
[Result "0-1"]
[WhiteElo "2070"]
[BlackElo "1970"]
[PlyCount "104"]
[EventDate "2013.03.28"]
[EventType "swiss"]
[EventRounds "9"]
[EventCountry "IRL"]
[SourceTitle "CBM 153 Extra"]
[Source "ChessBase"]
[SourceDate "2013.04.22"]
[SourceVersion "1"]
[SourceVersionDate "2013.04.22"]
[SourceQuality "1"]

1. e4 c6 2. d4 d5 3. Nc3 dxe4 4. Nxe4 Bf5 5. Ng3 Bg6 6. f4 e6 7. h4 h6 8. h5 Bh7 9. Nf3 Nf6 10. Bd3 Bxd3 11. Qxd3 Bd6 12. Bd2 Qc7 13. Ne5 0-0 14. Ne4 Nxe4 15. Qxe4 c5 16. dxc5 Bxe5 17. fxe5 Nd7 18. 0-0-0 Rac8 19. c6 Nc5 20. Qf3 Qxc6 21. Qxc6 Rxc6 22. Be3 Rfc8 23. Rh4 Kf8 24. Rhd4 Ke8 25. c3 b5 26. Kc2 R6c7 27. g4 Nd7 28. g5 hxg5 29. Bxg5 f6 30. exf6 gxf6 31. Bh4 e5 32. Rg4 Kf7 33. h6 Rg8 34. Rdg1 Rcc8 35. Rg7+ Rxg7 36. Rxg7+ Ke6 37. Rxd7 Kxd7 38. Bxf6 Ke6 39. Bg7 Kf7 40. Bxe5 Kg6 41. Bg7 Rc4 42. b3 Rh4 43. Kb2 Rh2+ 44. Ka3 Rh4 45. Bd4 a5 46. Bg7 Kf7 47. Kb2 Rh2+ 48. Kb1 Ke6 49. a3 Kd5 50. Bf8 a4 51. bxa4 bxa4 52. Bg7 Kc4 0-1

[Event "Dublin Easter e2e4 op"]
[Site "Dublin"]
[Date "2013.04.01"]
[Round "9"]
[White "Morriss, Pete R"]
[Black "Madynski, Pawel"]
[Result "0-1"]
[WhiteElo "2013"]
[BlackElo "2070"]
[PlyCount "52"]
[EventDate "2013.03.28"]
[EventType "swiss"]
[EventRounds "9"]
[EventCountry "IRL"]
[SourceTitle "CBM 153 Extra"]
[Source "ChessBase"]
[SourceDate "2013.04.22"]
[SourceVersion "1"]
[SourceVersionDate "2013.04.22"]
[SourceQuality "1"]

1. b4 d5 2. Bb2 e6 3. e3 Nf6 4. b5 a6 5. a4 axb5 6. axb5 Rxa1 7. Bxa1 Nbd7 8. Nf3 Bd6 9. c4 dxc4 10. Bxc4 0-0 11. 0-0 e5 12. d4 e4 13. Nfd2 Nb6 14. Be2 Re8 15. Nc3 Bd7 16. h3 Qc8 17. Qb1 Bf5 18. Rc1 Qd7 19. Bf1 Qe7 20. Ne2 Nfd5 21. g3 Qg5 22. Bg2 Nxe3 23. Nxe4 Qh6 24. g4 Nxg2 25. gxf5 Qxh3 26. N2g3 Nh4 0-1

[Event "Dublin Easter e2e4 op"]
[Site "Dublin"]
[Date "2013.03.31"]
[Round "6"]
[White "Madynski, Pawel"]
[Black "Collins, Sam E"]
[Result "0-1"]
[WhiteElo "2070"]
[BlackElo "2482"]
[PlyCount "30"]
[EventDate "2013.03.28"]
[EventType "swiss"]
[EventRounds "9"]
[EventCountry "IRL"]
[SourceTitle "CBM 153 Extra"]
[Source "ChessBase"]
[SourceDate "2013.04.22"]
[SourceVersion "1"]
[SourceVersionDate "2013.04.22"]
[SourceQuality "1"]

1. e4 e5 2. Nf3 Nc6 3. Nc3 Nf6 4. Bb5 Bd6 5. d4 exd4 6. Nxd4 0-0 7. Bg5 Re8 8. f3 Nxe4 9. Nxe4 Qxg5 10. 0-0 Qe3+ 11. Kh1 Qxd4 12. Re1 Qxd1 13. Raxd1 Be7 14. Nc3 Kf8 15. Nd5 Bd8 0-1

[Event "Dublin Easter e2e4 op"]
[Site "Dublin"]
[Date "2013.03.30"]
[Round "5"]
[White "Madynski, Pawel"]
[Black "Gayson, Peter"]
[Result "0-1"]
[WhiteElo "2070"]
[BlackElo "2115"]
[PlyCount "78"]
[EventDate "2013.03.28"]
[EventType "swiss"]
[EventRounds "9"]
[EventCountry "IRL"]
[SourceTitle "CBM 153 Extra"]
[Source "ChessBase"]
[SourceDate "2013.04.22"]
[SourceVersion "1"]
[SourceVersionDate "2013.04.22"]
[SourceQuality "1"]

1. Nc3 d5 2. e4 dxe4 3. Nxe4 e6 4. d4 Be7 5. Bd3 Nf6 6. Nf3 Nbd7 7. Ng3 b6 8. Ne5 Bb7 9. Bb5 0-0 10. Nc6 Qe8 11. 0-0 a6 12. Nxe7+ Qxe7 13. Bd3 c5 14. c3 cxd4 15. cxd4 Qd6 16. Re1 Rfd8 17. Be3 Nd5 18. Qe2 N7f6 19. Ne4 Nxe4 20. Bxe4 Rd7 21. Bxd5 Qxd5 22. f3 Rc8 23. b3 Rdc7 24. Red1 h6 25. Rd2 b5 26. Rad1 Qf5 27. Qd3 Qh5 28. Rf2 Rc3 29. Qe2 Qf5 30. Qe1 Qd5 31. Bd2 Rd3 32. Be3 Rxd1 33. Qxd1 e5 34. Qd2 e4 35. fxe4 Qxe4 36. Rf4 Rc1+ 37. Rf1 Rc2 38. Rf4 Rxd2 39. Rxe4 Rd1+ 0-1

[Event "Dublin Easter e2e4 op"]
[Site "Dublin"]
[Date "2013.03.30"]
[Round "4"]
[White "Redmond, John P"]
[Black "Madynski, Pawel"]
[Result "1-0"]
[WhiteElo "2236"]
[BlackElo "2070"]
[PlyCount "81"]
[EventDate "2013.03.28"]
[EventType "swiss"]
[EventRounds "9"]
[EventCountry "IRL"]
[SourceTitle "CBM 153 Extra"]
[Source "ChessBase"]
[SourceDate "2013.04.22"]
[SourceVersion "1"]
[SourceVersionDate "2013.04.22"]
[SourceQuality "1"]

1. Nf3 d5 2. d4 e6 3. c4 Nf6 4. Nc3 Bb4 5. Qa4+ Nc6 6. a3 Bxc3+ 7. bxc3 0-0 8. Bg5 h6 9. Bh4 g5 10. Bg3 Ne4 11. Qc2 h5 12. Ne5 Nxe5 13. Bxe5 f6 14. Bg3 Kg7 15. f3 Nxg3 16. hxg3 Rh8 17. e3 Qd6 18. f4 b6 19. Be2 g4 20. Kf2 f5 21. Rh4 Qe7 22. a4 a5 23. Bd3 Kg6 24. Rah1 Ba6 25. Be2 Kg7 26. cxd5 Bxe2 27. Kxe2 Kg6 28. dxe6 Qxe6 29. e4 fxe4 30. Ke3 Rae8 31. Rb1 Rhf8 32. Rb5 Rf5 33. Re5 Qd7 34. Qxe4 Rexe5 35. fxe5 Qh7 36. Rh1 c5 37. Rf1 Kg5 38. Rxf5+ Qxf5 39. Qxf5+ Kxf5 40. Kd3 Ke6 41. Kc4 1-0

[Event "Dublin Easter e2e4 op"]
[Site "Dublin"]
[Date "2013.03.29"]
[Round "3"]
[White "Madynski, Pawel"]
[Black "McPhillips, Joseph"]
[Result "1-0"]
[WhiteElo "2070"]
[BlackElo "2161"]
[PlyCount "119"]
[EventDate "2013.03.28"]
[EventType "swiss"]
[EventRounds "9"]
[EventCountry "IRL"]
[SourceTitle "CBM 153 Extra"]
[Source "ChessBase"]
[SourceDate "2013.04.22"]
[SourceVersion "1"]
[SourceVersionDate "2013.04.22"]
[SourceQuality "1"]

1. Nc3 d5 2. e4 e6 3. exd5 exd5 4. d4 Nf6 5. h3 Bb4 6. Qf3 0-0 7. Bd3 c5 8. Nge2 Nc6 9. Be3 c4 10. Bf5 Bxf5 11. Qxf5 Ne4 12. 0-0 Bxc3 13. Nxc3 Nxc3 14. bxc3 Ne7 15. Qf3 Qd7 16. Rfe1 Ng6 17. a4 Rfe8 18. Reb1 Re4 19. Rb5 a6 20. Rb6 Nh4 21. Qh5 g6 22. Qg5 Nf5 23. Rab1 Qe8 24. Bd2 Rd8 25. Qf6 Qf8 26. Rxb7 Rde8 27. Qxa6 Re2 28. Bf4 R2e6 29. Qa7 Nd6 30. Rb8 Ne4 31. Rxe8 Rxe8 32. Rb8 Nxc3 33. Bh6 Qxh6 34. Rxe8+ Kg7 35. Qb8 Qc1+ 36. Kh2 Ne4 37. Rxe4 dxe4 38. Qe5+ Kg8 39. Qxe4 Qa1 40. Qe8+ Kg7 41. Qe5+ Kg8 42. Qe8+ Kg7 43. d5 Qd4 44. Qe3 Qxd5 45. f4 Qc6 46. a5 h5 47. Kg3 Kh7 48. c3 Qd6 49. Kf2 Qf6 50. Qd4 Qe6 51. Qe5 Qc6 52. g4 Qh1 53. gxh5 Qh2+ 54. Ke1 Qg1+ 55. Kd2 Qg2+ 56. Ke3 Qg1+ 57. Ke4 Qd1 58. hxg6+ Kxg6 59. Qg5+ Kh7 60. Qh4+ 1-0

[Event "Dublin Easter e2e4 op"]
[Site "Dublin"]
[Date "2012.04.09"]
[Round "9"]
[White "Healy, John"]
[Black "Madynski, Pawel"]
[Result "1-0"]
[WhiteElo "1840"]
[BlackElo "2128"]
[PlyCount "71"]
[EventDate "2012.04.05"]
[EventType "swiss"]
[EventRounds "9"]
[EventCountry "IRL"]
[SourceTitle "CBM 147 Extra"]
[Source "ChessBase"]
[SourceDate "2012.04.24"]
[SourceVersion "1"]
[SourceVersionDate "2012.04.24"]
[SourceQuality "1"]

1. e4 g6 2. d4 Bg7 3. Nc3 c6 4. Nf3 d6 5. Bg5 Qb6 6. Qd2 h6 7. Be3 Bg4 8. 0-0-0 Qa5 9. Kb1 Nd7 10. h3 Bxf3 11. gxf3 0-0-0 12. Bd3 c5 13. Ne2 Qc7 14. Qc3 Nb6 15. b3 Kb8 16. Qa5 Rc8 17. Nc3 a6 18. dxc5 dxc5 19. Na4 Nxa4 20. Qxa4 Qe5 21. Kc1 e6 22. Qd7 Nf6 23. Qxf7 Rhd8 24. Qxg6 Nh5 25. Kd2 Rf8 26. Ke2 b5 27. c4 Rf6 28. Qg4 Nf4+ 29. Bxf4 Rxf4 30. Qg3 Rcf8 31. cxb5 Qh5 32. Qxg7 Rxf3 33. Kd2 Rd8 34. Kc2 Rxf2+ 35. Kb1 axb5 36. Qg3+ 1-0

[Event "Dublin Easter e2e4 op"]
[Site "Dublin"]
[Date "2012.04.08"]
[Round "6"]
[White "Jackson, Carl"]
[Black "Madynski, Pawel"]
[Result "1-0"]
[WhiteElo "1982"]
[BlackElo "2128"]
[PlyCount "57"]
[EventDate "2012.04.05"]
[EventType "swiss"]
[EventRounds "9"]
[EventCountry "IRL"]
[SourceTitle "CBM 147 Extra"]
[Source "ChessBase"]
[SourceDate "2012.04.24"]
[SourceVersion "1"]
[SourceVersionDate "2012.04.24"]
[SourceQuality "1"]

1. e4 d5 2. exd5 Qxd5 3. Nf3 Nf6 4. d4 Bg4 5. Be2 e6 6. h3 Bh5 7. Nc3 Qd6 8. 0-0 a6 9. Ne5 Bxe2 10. Nxe2 Nfd7 11. Nd3 Nb6 12. Bf4 Qd8 13. c4 Nxc4 14. Rc1 Nd6 15. d5 exd5 16. Nc3 c6 17. Re1+ Be7 18. Nxd5 Nf5 19. Nc7+ Kf8 20. Nxa8 Nd7 21. Nc7 g5 22. Bh2 Kg7 23. Qg4 Bd6 24. Bxd6 Nxd6 25. Nf4 Qxc7 26. Qxg5+ Kf8 27. Qh6+ Kg8 28. Nh5 Nf5 29. Re8+ 1-0

[Event "Dublin Easter e2e4 op"]
[Site "Dublin"]
[Date "2012.04.06"]
[Round "2"]
[White "Gourlay, Iain"]
[Black "Madynski, Pawel"]
[Result "1-0"]
[WhiteElo "2351"]
[BlackElo "2128"]
[PlyCount "61"]
[EventDate "2012.04.05"]
[EventType "swiss"]
[EventRounds "9"]
[EventCountry "IRL"]
[SourceTitle "CBM 147 Extra"]
[Source "ChessBase"]
[SourceDate "2012.04.24"]
[SourceVersion "1"]
[SourceVersionDate "2012.04.24"]
[SourceQuality "1"]

1. Nf3 f5 2. g3 Nf6 3. Bg2 g6 4. 0-0 Bg7 5. c4 d6 6. d4 0-0 7. Nc3 Nc6 8. d5 Na5 9. Nd2 c5 10. Qc2 a6 11. b3 Bd7 12. Bb2 Rb8 13. Nd1 b5 14. Bc3 h6 15. e4 fxe4 16. Nxe4 Bf5 17. Qe2 b4 18. Bb2 Qd7 19. Re1 Rbe8 20. Qd2 Kh7 21. Nxf6+ exf6 22. Ne3 Bh3 23. Bxh3 Qxh3 24. Ng2 Qd7 25. Nf4 Rxe1+ 26. Rxe1 Rf7 27. Re6 g5 28. Nh5 Nb7 29. Bxf6 Nd8 30. Qd3+ Kg8 31. Qe4 1-0

[Event "Bydgoszcz Bank Pocztowy op"]
[Site "Bydgoszcz"]
[Date "1999.07.17"]
[Round "6"]
[White "Galinsky, Timofey"]
[Black "Madynski, Pawel"]
[Result "1-0"]
[WhiteElo "2370"]
[BlackElo "2194"]
[PlyCount "89"]
[EventDate "1999.07.12"]
[EventType "swiss"]
[EventRounds "10"]
[EventCountry "POL"]
[SourceTitle "EXT 2000"]
[Source "ChessBase"]
[SourceDate "1999.11.16"]
[SourceVersion "1"]
[SourceVersionDate "1999.11.16"]
[SourceQuality "1"]

1. g3 e5 2. Bg2 d5 3. d3 Nf6 4. Nf3 Bd6 5. 0-0 0-0 6. c4 c6 7. Nc3 dxc4 8. dxc4 Be6 9. b3 h6 10. Bb2 Qe7 11. Qc2 Nbd7 12. Rad1 Rfd8 13. Ne4 Nxe4 14. Qxe4 f6 15. Nh4 Nf8 16. Nf5 Bxf5 17. Qxf5 Qe6 18. Qc2 Kf7 19. h4 Bc7 20. b4 Rxd1 21. Rxd1 a6 22. a4 Rd8 23. Rxd8 Bxd8 24. b5 axb5 25. axb5 Qd6 26. bxc6 bxc6 27. Qa4 c5 28. Ba3 Bb6 29. Bd5+ Ne6 30. Qa8 Qc7 31. h5 Qd7 32. e4 Qc7 33. Kg2 Qd7 34. Qb8 Ba7 35. Qh8 Bb6 36. Qh7 Kf8 37. Bc1 Qe7 38. Qh8+ Kf7 39. f4 exf4 40. gxf4 Qa7 41. f5 Qa2+ 42. Kh3 Qf2 43. fxe6+ Ke7 44. Qxg7+ Kd6 45. Qg3+ 1-0

[Event "POL-chT 2nd div North"]
[Site "Lublin"]
[Date "1999.??.??"]
[Round "6"]
[White "Madynski, Pawel"]
[Black "Moniszka, Krzysztof"]
[Result "1/2-1/2"]
[WhiteElo "2190"]
[BlackElo "2085"]
[PlyCount "42"]
[EventDate "1999.09.11"]
[EventType "team-swiss"]
[EventRounds "8"]
[EventCountry "POL"]
[SourceTitle "EXT 2003"]
[Source "ChessBase"]
[SourceDate "2002.11.25"]
[SourceVersion "1"]
[SourceVersionDate "2002.11.25"]
[SourceQuality "1"]
[WhiteTeam "Podlaskie Tow Szachowe"]
[BlackTeam "Deblin Czarni"]
[WhiteTeamCountry "POL"]
[BlackTeamCountry "POL"]

1. e4 c5 2. Nf3 Nc6 3. Bb5 g6 4. Bxc6 dxc6 5. h3 Bg7 6. 0-0 e5 7. d3 Qe7 8. Be3 Nf6 9. Nc3 Nd7 10. Nh2 0-0 11. f4 exf4 12. Bxf4 Ne5 13. Qd2 Rd8 14. Rad1 Qf8 15. Kh1 h6 16. Nf3 Nxf3 17. Rxf3 c4 18. Rdf1 Be6 19. e5 cxd3 20. cxd3 Bf5 21. a3 Kh7 1/2-1/2

[Event "POL-chT 2nd div North"]
[Site "Lublin"]
[Date "1999.??.??"]
[Round "7"]
[White "Panas, Pawel"]
[Black "Madynski, Pawel"]
[Result "1/2-1/2"]
[WhiteElo "2135"]
[BlackElo "2190"]
[PlyCount "60"]
[EventDate "1999.09.11"]
[EventType "team-swiss"]
[EventRounds "8"]
[EventCountry "POL"]
[SourceTitle "EXT 2003"]
[Source "ChessBase"]
[SourceDate "2002.11.25"]
[SourceVersion "1"]
[SourceVersionDate "2002.11.25"]
[SourceQuality "1"]
[WhiteTeam "Lublin AZS UMCS"]
[BlackTeam "Podlaskie Tow Szachowe"]
[WhiteTeamCountry "POL"]
[BlackTeamCountry "POL"]

1. e4 d5 2. exd5 Qxd5 3. Nc3 Qa5 4. g3 Nf6 5. Bg2 c6 6. Nf3 Bg4 7. h3 Bh5 8. 0-0 e6 9. d3 Nbd7 10. Bd2 Qc7 11. Rb1 Ne5 12. g4 Nxf3+ 13. Qxf3 Bg6 14. Rfe1 Be7 15. Bf4 Bd6 16. Bxd6 Qxd6 17. b4 0-0 18. Qg3 Qxg3 19. fxg3 Nd5 20. Ne4 Rfd8 21. Rb3 a5 22. bxa5 Rxa5 23. c4 Nf6 24. Re2 h6 25. Rxb7 Rxd3 26. Nxf6+ gxf6 27. Bxc6 Rxg3+ 28. Kh2 Rga3 29. Bb5 Rxa2 30. Rxa2 Rxa2+ 1/2-1/2